| 000 | 01230nam a2200313 a 4500 | ||
|---|---|---|---|
| 001 | ebr10542594 | ||
| 003 | CaPaEBR | ||
| 006 | m u | ||
| 007 | cr cn||||||||| | ||
| 008 | 111222s2012 njuac sb 001 0 eng d | ||
| 010 | _z 2011050887 | ||
| 020 | _z9781118173275 (pbk.) | ||
| 020 | _z9781118226803 (e-book) | ||
| 040 |
_aCaPaEBR _cCaPaEBR |
||
| 035 | _a(OCoLC)769289637 | ||
| 050 | 1 | 4 |
_aHD30.29 _b.M34 2012eb |
| 082 | 0 | 4 |
_a658.4/036 _223 |
| 100 | 1 |
_aMcGoff, Chris, _d1957- |
|
| 245 | 1 | 4 |
_aThe primes _h[electronic resource] : _bhow any group can solve any problem / _cChris McGoff. |
| 260 |
_aHoboken, N.J. : _bWiley, _cc2012. |
||
| 300 |
_axxx, 241 p. : _bill., port. |
||
| 500 | _aOn cover: "46 universal patterns of high performance." | ||
| 504 | _aIncludes bibliographical references and index. | ||
| 533 |
_aElectronic reproduction. _bPalo Alto, Calif. : _cebrary, _d2011. _nAvailable via World Wide Web. _nAccess may be limited to ebrary affiliated libraries. |
||
| 650 | 0 | _aGroup problem solving. | |
| 655 | 7 |
_aElectronic books. _2local |
|
| 710 | 2 | _aebrary, Inc. | |
| 856 | 4 | 0 |
_uhttp://site.ebrary.com/lib/rucke/Doc?id=10542594 _zAn electronic book accessible through the World Wide Web; click to view |
| 999 |
_c246556 _d246556 |
||